000 00779nam a2200241 i 4500
001 17040
003 ES-MaACL
005 20250807210236.0
007 t|
008 001215s1979 sp ||||1| spa d
020 _a84-339-1313-1
080 _a612.62
100 1 _aMiguel, Jesús M. de.
_981009
245 1 3 _aEl mito de la inmaculada concepción /
_cJesús M. de Miguel ; con la colaboración de Carmen Domínguez-Alcón.
260 _aMadrid :
_bAnagrama,
_c[1979]
300 _a158 p. ;
_c20 cm.
490 1 _aLa educación sentimental ;
_v13
650 4 _aMujeres-
_xConducta sexual
_915259
700 1 _aDomínguez-Alcón, Carmen.
_945185
830 0 _aLa educación sentimental ;
_v13
_9180225
852 _aES-MaACL
_jL-24013
_bR.129084
999 _c17040
_d17040